01810nam a2200421 i 4500001000700000003000800007005001700015006001900032007001500051008004100066020002700107040003100134050002700165080001700192082001600209100003000225245024300255264006200498300004000560336003100600337003300631338004300664504004300707588013000750590016400880650002301044650003501067650001801102650001401120651001401134655002701148700004601175700004501221797001901266035002201285856006201307999001901369146201FlNmELB20241217182125.0m o u cr cn|||||||||190110s2014 ck ob 000 0 spa d a9789588399751 (e-book) aFINmELBbspaerdacFINmELB14aPN1992.8.S4bV297 2014 a654.197(862)04a791.4562231 aVargas León, Ancízar.10aTelevisión enlatada :bcaracterísticas ideológicas de los seriados de la televisión estadounidense emitidos en Colombia entre 1955 y 1990 /cAncízar Vargas León, Fernando Aquiles Arango Navarro, María Cristina Loaiza Pineda. 1aMedellín :bUniversidad Católica Luis Amigó,c2014. a1 recurso en línea (95 páginas) atextobtxt2rdacontent/spa acomputadorabc2rdamedia/spa arecurso en líneabcr2rdacarrier/spa aContiene referencias bibliográficas. aDescripción basada en recurso en línea; Título de la página del título en PDF (elibro, visto el 10 de enero, 2019). aRecurso electrónico. Santa Fe, Arg.: e-libro, 2019. Disponible vía World Wide Web. El acceso puede estar limitado para las bibliotecas afiliadas a e-libro. 0aTelevision series. 0aTelevisionzColombiaxHistory. 4aTelevisión. 4aHistoria. 4aColombia. 4aLibros electrónicos.1 aArango Navarro, Fernando Aquiles,eautor.1 aLoaiza Pineda, María Cristina,eautor.2 ae-libro, Corp. a(OCoLC)110586268240uhttps://elibro.net/ereader/politecnicointernacional/70853 c146201d146201